000 00610nam a2200229Ia 4500
003 OSt
005 20230504154947.0
008 210423s2006 xx 000 0 und d
020 _a8120330455
040 _cAL
041 _aeng
082 _a621.382 BEAM
_223
100 _aBEASLEY (Jeffrey S);MILLER (Gary M)
_997903
245 _aModern electronic communication
250 _a8
260 _aNew Delhi
_bPHI Learning Pvt Ltd
_c2006
300 _axxxi,923
_bPB
365 _cINR
650 _aElectronics & Communication
_997904
906 _acommunication. ; electronic ; Modern
942 _2ddc
_cBK
999 _c162086
_d162086